00456nam a2200181Ia 4500003000400000005001700004008004100021020001800062040000700080041000800087082001300095100001900108245005400127260004100181300001400222365001400236650002400250OSt20230530093335.0210423s2016 xx 000 0 und d a81-8324-673-7 cAL aeng a546 SINA aSINGH (Rajbir) aAdvanced inorganic chemistry: transition elements aNew DelhibMittal Publicationsc2016 av,248bHB b1200cINR aInorganic Chemistry